00535 2200181 4500001002100000005001700021006001900038008004100057020001800098035002500116041000700141082001100148090001700159100003600176245007400212260004200286300002500328INLIS00000000000053920140225113556.0a ||| | 180719| ||| | id  a979-692-136-7 a0010-031300000000539 aid0 a297.63 a297.63 MAC p0 aDra. Nanih Machendrawaty, M.Ag.00apengembangan Masyarakat Islam : Dari Ideologi Strategi Sampai Tradisi aBandungbPT. Remaja Rosdakaryaac2001 axiii, 285 hal, 24 cm